| 000 | 00890nam a2200217 i 4500 | ||
|---|---|---|---|
| 001 | 149627 | ||
| 003 | ES-MaACL | ||
| 005 | 20230906203201.0 | ||
| 007 | t| | ||
| 008 | 071023s1977 sp ||||1| spa d | ||
| 100 | 1 |
_aVázquez de Parga, Margarita. _9113423 |
|
| 245 | 1 | 4 |
_aLas publicaciones periódicas de biomedicina en las bibliotecas españolas / _cMargarita Vázquez de Parga. |
| 260 |
_aMadrid : _bMinisterio de Educación y Ciencia, Dirección General del Patrimonio Artístico y Cultural, _c1977. |
||
| 300 |
_a246 p. con 19 gráf. pleg. ; _c21 cm. |
||
| 490 | 1 |
_aEstudios, informes y normas ; _v16 |
|
| 500 | _aPrecede al tít.: Comisaria Nacional de Bibliotecas. | ||
| 650 | 1 | 4 |
_aMedicina- _vPublicaciones periódicas- _vCatálogos colectivos. _914915 |
| 830 | 0 |
_aEstudios, informes y normas ; _v16 _9221101 |
|
| 852 |
_aES-MaACL _jA-6773 _bR.96127 |
||
| 999 |
_c149627 _d149627 |
||